| 000 | 00653nam a22001817a 4500 | ||
|---|---|---|---|
| 003 | BUBTL | ||
| 008 | 191116b xxu||||| |||| 00| 0 eng d | ||
| 020 | _a984-452-005 | ||
| 082 | _a954.92 / MUA | ||
| 100 |
_92293 _aমুকুল, এম আর আখতার |
||
| 245 |
_aআমি বিজয় দেখেছি / _cএম আর আখতার মুকুল |
||
| 260 |
_aঢাকা : _bসাগর পাবলিশার্স, _cc1985. |
||
| 300 |
_a384 p. : _bill. ; _c22 cm. |
||
| 650 | 0 |
_91755 _aমুক্তিযুদ্ধ |
|
| 856 |
_k0 _l0 _yDownload |
||
| 942 |
_2ddc _cBK |
||
| 999 |
_c6157 _d6157 |
||